000 00759nmm a2200289 a 4500
003 AR-BaBNM
005 20251128202827.0
008 296019s1947 ||||||||||||||000 | spa||
040 _cAR-BaBNM
100 1 _aAlonso, Martín
245 1 0 _aCiencia del lenguaje y arte del estilo
260 _aMadrid
_bAguilar
_c1947
300 1 _axxxi, 1268 p.
650 4 _aCOMPOSICION LITERARIA
650 4 _aANALISIS LITERARIO
650 4 _aRECURSOS ESTILISTICOS
650 4 _aESTILO LITERARIO
650 4 _aEJERCICIOS DE REDACCION
650 4 _aRETORICA
650 4 _aCORRESPONDENCIA
650 4 _aCRITICA LITERARIA
653 0 _aENSENANZA DE LA LITERATURA
653 0 _aFILOSOFIA DEL LENGUAJE
655 _aLITERATURA
942 _cBK
998 _cisola
999 _c760
_d760